000 00620nam a2200157Ia 4500
003 GCL
008 140319s9999 xx 000 0 ara d
040 _aGCL /
_cGCL
082 0 4 _a341.26
_bح س
100 1 _aحسين فهمى مصطفى
245 1 0 _aسياسية عدم الانحياز فى المجال الدولى ! /
_cحسين فهمى مصطفى
650 0 4 _aالسياسة الدولية
650 0 4 _aالمنظمات الدولية
650 0 4 _aحركة عدم الانحياز
942 _2ddc
_cBK
999 _c46929
_d46929